| 000 | 00543nam a2200205Ia 4500 | ||
|---|---|---|---|
| 003 | GCL | ||
| 008 | 140319s9999 xx 000 0 eng d | ||
| 040 |
_aGCL / _cGCL |
||
| 082 | 0 | 4 |
_a355.02 _bT O |
| 100 | 1 | _aTOWNSHEND, CHARLES | |
| 245 | 1 | 0 |
_aTHE OXFORD ILLUSTRATED HISTORY OF MODERN WAR / _cTOWNSHEND, CHARLES |
| 260 |
_a[S.N] : _bOXFORD UNIVERSITY PRESS ، _c1997 |
||
| 300 | _a354 P | ||
| 650 | 0 | 4 | _aWAR HISTORY |
| 650 | 0 | 4 | _aWORLD WAR II |
| 650 | 0 | 4 | _aCOLD WAR |
| 650 | 0 | 4 | _aWORLD WAR I |
| 650 | 0 | 4 | _aFRENCH WARS |
| 942 |
_2ddc _cBK |
||
| 999 |
_c14376 _d14376 |
||